PLANT pathogen detection, and management for sustainable agriculture

Bewaard in:
Bibliografische gegevens
Formaat: Boek
Taal:Engels
Gepubliceerd in: Apple Academic Press 2020
Tags: Voeg label toe
Geen labels, Wees de eerste die dit record labelt!

MARC

LEADER 00000nam a22000007a 4500
008 240603b |||||||| |||| 00| 0 eng d
020 |a 97817746394639 
245 |a PLANT pathogen  |b detection, and management for sustainable agriculture  |c /edited by Pradeep Kumar...(et al)  |g xvi, 336p 
250 |c Kumar, Pradeep 
260 |b Apple Academic Press  |c 2020  |h Ontario, Canada  |i 702589  |i 702590  |l SB732.5.P69  |m Phytopathogenc microorganisms-Research 
500 |a it increases references and index 
942 |a lcc  |c BK  |e Johnson  |f 03/06/24 
952 |0 0  |1 0  |2 lcc  |4 0  |6 SB07325 P69  |7 0  |9 5223  |a AG  |b HOL  |c QZ  |d 2024-06-03  |l 0  |o SB732.5.P69  |p 2024-0468  |r 2024-06-03 00:00:00  |t 702589  |w 2024-06-03  |y BK 
952 |0 0  |1 0  |2 lcc  |4 0  |6 SB07325 P69  |7 0  |9 5224  |a HOL  |b HOL  |c QZ  |d 2024-06-03  |l 0  |o SB732.5.P69  |p 2024-0469  |r 2024-06-03 00:00:00  |t 702590  |w 2024-06-03  |y BK 
999 |c 2593  |d 2593